MARC details
| 000 -LEADER |
| fixed length control field |
01281cas a2200385 i 4500 |
| 001 - CONTROL NUMBER |
| control field |
11221643 |
| 003 - CONTROL NUMBER IDENTIFIER |
| control field |
CSPC |
| 005 - DATE AND TIME OF LATEST TRANSACTION |
| control field |
20260219112250.0 |
| 008 - FIXED-LENGTH DATA ELEMENTS--GENERAL INFORMATION |
| fixed length control field |
072024c2024 caubr po 0 a0eng c |
| 010 ## - LIBRARY OF CONGRESS CONTROL NUMBER |
| LC control number |
78646629 |
| 022 0# - INTERNATIONAL STANDARD SERIAL NUMBER |
| International Standard Serial Number |
0163-3341 |
| Source |
1 |
| 032 ## - POSTAL REGISTRATION NUMBER |
| Postal registration number |
997420 |
| Source agency assigning number |
USPS |
| 035 ## - SYSTEM CONTROL NUMBER |
| System control number |
(OCoLC)ocm04026654 |
| 040 ## - CATALOGING SOURCE |
| Original cataloging agency |
CSPC |
| Language of cataloging |
eng |
| Transcribing agency |
CSPC |
| Description conventions |
rda |
| 050 00 - LIBRARY OF CONGRESS CALL NUMBER |
| Classification number |
HF5001 |
| 082 04 - DEWEY DECIMAL CLASSIFICATION NUMBER |
| Edition number |
En86 |
| 222 #0 - KEY TITLE |
| Key title |
Entrepreneur |
| Qualifying information |
(Online) |
| 245 00 - TITLE STATEMENT |
| Title |
Entrepreneur. |
| 264 #1 - PRODUCTION, PUBLICATION, DISTRIBUTION, MANUFACTURE, AND COPYRIGHT NOTICE |
| Place of production, publication, distribution, manufacture |
Irvine, California : |
| Name of producer, publisher, distributor, manufacturer |
Entrepreneur Media Inc., |
| Date of production, publication, distribution, manufacture, or copyright notice |
2024. |
| 300 ## - PHYSICAL DESCRIPTION |
| Extent |
volumes : |
| Other physical details |
illustrations ; |
| Dimensions |
27 cm. |
| 310 ## - CURRENT PUBLICATION FREQUENCY |
| Current publication frequency |
Bimonthly, |
| 336 ## - CONTENT TYPE |
| Source |
rdacontent |
| Content type term |
text |
| 337 ## - MEDIA TYPE |
| Source |
rdamedia |
| Media type term |
unmediated |
| 338 ## - CARRIER TYPE |
| Source |
rdacarrier |
| Carrier type term |
volume |
| 504 ## - BIBLIOGRAPHY, ETC. NOTE |
| Bibliography, etc. note |
Includes bibliographical references |
| 521 ## - TARGET AUDIENCE NOTE |
| Target audience note |
Bachelor of Science in Entrepreneurship<br/> |
| 650 #7 - SUBJECT ADDED ENTRY--TOPICAL TERM |
| Topical term or geographic name entry element |
Self-employed. |
| Authority record control number or standard number |
(OCoLC)fst01111635 |
| Form subdivision |
Periodicals. |
| 650 #7 - SUBJECT ADDED ENTRY--TOPICAL TERM |
| Topical term or geographic name entry element |
Success. |
| Source of heading or term |
fast |
| Authority record control number or standard number |
(OCoLC)fst01137041 |
| 655 #0 - INDEX TERM--GENRE/FORM |
| Genre/form data or focus term |
Periodicals |
| Source of term |
fast |
| 776 08 - ADDITIONAL PHYSICAL FORM ENTRY |
| Relationship information |
Online version: |
| Title |
Entrepreneur (Santa Monica, Calif.) |
| Record control number |
(OCoLC)759097756 |
| 780 00 - PRECEDING ENTRY |
| Title |
International entrepreneurs' |
| 787 08 - OTHER RELATIONSHIP ENTRY |
| International Standard Serial Number |
0163-3341 |
| 942 ## - ADDED ENTRY ELEMENTS (KOHA) |
| Source of classification or shelving scheme |
Dewey Decimal Classification |
| Koha item type |
Serials |
| Suppress in OPAC |
No |
| Classification part |
338/.005 |